000 00740pam a2200265 a 4500
001 2894644
003 OSt
005 20240614123924.0
008 870423s1988 stka b 001 0 eng c
010 _a 87011807
020 _a0443035865 (pbk.)
040 _cMUST
060 _aWM 220 J19u
082 0 0 _a220 wm1988
100 1 _aJacques, Alan.
_917226
245 1 0 _aUnderstanding dementia /
_cAlan Jacques.
260 _aEdinburgh ;
_aNew York :
_bChurchill Livingstone,
_c1988.
300 _avi, 327 p. :
_bill. ;
_c22 cm.
500 _aIncludes index.
504 _aBibliography: p. 317.
650 0 _aDementia.
_93387
650 2 _aDementia.
_93387
906 _a7
_bcbc
_corignew
_d1
_eocip
_f19
_gy-gencatlg
942 _2ddc
_cO_SHELF
999 _c8478
_d8478